Advertising and brand management / (Record no. 102425)

MARC details
000 -LEADER
fixed length control field 01068nam a22002537a 4500
005 - DATE AND TIME OF LATEST TRANSACTION
control field 20170512142006.0
010 ## - LCCN (DPL NO)
LC control number 1617EN ENG-117050
020 ## - INTERNATIONAL STANDARD BOOK NUMBER
International Standard Book Number 9788182180895
Terms of availability 200.00
035 ## - SYSTEM CONTROL NUMBER
System control number B-647467-473
035 ## - SYSTEM CONTROL NUMBER
System control number EN-100582
035 ## - SYSTEM CONTROL NUMBER
System control number B-666079
037 ## - SOURCE OF ACQUISITION
Stock number dpl
Source of stock number/acquisition Variety
037 ## - SOURCE OF ACQUISITION
Source of stock number/acquisition DBAD/PUB
082 ## - DEWEY DECIMAL CLASSIFICATION NUMBER
Classification number 659.1
100 ## - MAIN ENTRY--PERSONAL NAME
Personal name Arvind Kumar
245 ## - TITLE STATEMENT
Title Advertising and brand management /
Statement of responsibility, etc by Arvind Kumar [and] Sunaina Sardana
260 ## - PUBLICATION, DISTRIBUTION, ETC. (IMPRINT)
Place of publication, distribution, etc New Delhi
Name of publisher, distributor, etc Galgotia Pub.
Date of publication, distribution, etc 2016
270 ## - ADDRESS
Address 303, 3rd Floor, Hari Sadan, 4637/20, Ansari Road, Darya Ganj,
City New Delhi
Postal code 110002
300 ## - PHYSICAL DESCRIPTION
Extent 183p.
Dimensions 23cm(pbk)
700 ## - ADDED ENTRY--PERSONAL NAME
Personal name Sardana, Sunaina
942 ## - ADDED ENTRY ELEMENTS (KOHA)
Source of classification or shelving scheme Dewey Decimal Classification
Item type English Books
Call number suffix ARV
Classification part 659.1
Holdings
Withdrawn status Lost status Not for loan Collection code Home library Current library Date acquired Source of acquisition Cost, normal purchase price Full call number Barcode Copy number Cost, replacement price Koha item type
      Non-fiction Ashok Vihar Ashok Vihar 12/05/2017 BPPD/EN/2016-17/AV/16-17/474/15.2.2017/1428/7.3.2017/ 10.3.2017 200.00 659.1 ARV B-666079 1 200.00 English Books
    Not For Loan Non-fiction D.B.Act.Division Bawana 10/01/2017 DBAD/PUB 200.00 659.1 ARV EN-100582 1 200.00 English Books
      Non-fiction Central Library Central Library 27/03/2017 BPPD/EN/2016-17/308/24.11.2016/IN1369/5.12.2016/2.1.2017 200.00 659.1 ARV B-647467 1 200.00 English Books
      Non-fiction Janak Puri Janak Puri 27/03/2017 BPPD/EN/2016-17/308/24.11.2016/IN1369/5.12.2016/2.1.2017 200.00 659.1 ARV B-647470 1 200.00 English Books
      Non-fiction Kasturba Gandhi Marg Kasturba Gandhi Marg 27/03/2017 BPPD/EN/2016-17/308/24.11.2016/IN1369/5.12.2016/2.1.2017 200.00 659.1 ARV B-647472 1 200.00 English Books
      Non-fiction New Police Line New Police Line 27/03/2017 BPPD/EN/2016-17/308/24.11.2016/IN1369/5.12.2016/2.1.2017 200.00 659.1 ARV B-647468 1 200.00 English Books
      Non-fiction Patel Nagar Patel Nagar 27/03/2017 BPPD/EN/2016-17/308/24.11.2016/IN1369/5.12.2016/2.1.2017 200.00 659.1 ARV B-647469 1 200.00 English Books
      Non-fiction Sarojini Nagar Sarojini Nagar 27/03/2017 BPPD/EN/2016-17/308/24.11.2016/IN1369/5.12.2016/2.1.2017 200.00 659.1 ARV B-647471 1 200.00 English Books
      Non-fiction Shahdara Branch Shahdara Branch 27/03/2017 BPPD/EN/2016-17/308/24.11.2016/IN1369/5.12.2016/2.1.2017 200.00 659.1 ARV B-647473 1 200.00 English Books

© Delhi Public Library
Hit Counter
free hit counter